000 00508nam a2200205Ia 4500
003 OSt
005 20221005130800.0
006 a|||||r|||| 00| 0
007 ta
008 221004b |||||||| |||| 00| 0 eng d
024 _a119135
037 _cTextual
040 _aCRL
_cCRL
_beng
041 _2eng
_aeng
245 0 _aSamskrita Ranga annual VI special felicitation volume in Honour of Dr V Raghavan
260 _c1972
650 _aSANSKRIT
942 _cTEXL
_2cc
999 _c1058399
_d1058399